| 000 | 00000nas 2200000zi 4500 |
| 001 | 9.945817 |
| 003 | CaOODSP |
| 005 | 20250722143107 |
| 006 | m o d f |
| 007 | cr cn |||||||| |
| 008 | 241202c20249999oncar p o f0 b0fre|d |
| 022 | |a2818-9116 |
| 040 | |aCaOODSP|bfre|erda|cCaOODSP |
| 043 | |an-cn--- |
| 086 | 1 |aT91-15F-PDF |
| 110 | 1 |aCanada. |bLogement, infrastructures et collectivités Canada, |eauteur, |eorganisme de publication. |
| 222 | 0|aRapport d'étape de ... sur le plan d'accessibilité de Logement, infrastructures et collectivités Canada |
| 245 | 10|aRapport d'étape de ... sur le plan d'accessibilité de Logement, infrastructures et collectivités Canada. |
| 264 | 1|aOttawa (Ontario) : |bLogement, infrastructures et collectivités Canada = Housing, Infrastructure and Communities Canada, |c2024- |
| 310 | |aAnnuel |
| 362 | 1 |aParaît depuis : 2024. |
| 500 | |aPublié aussi en anglais sous le titre : ... progress report on Housing, Infrastructure and Communities Canada's accessibility plan. |
| 588 | |aDescription d'après : 2024; titre de la page couverture du fichier PDF. |
| 588 | |aDernière livraison consultée : 2024. |
| 610 | 16|aCanada. |bLogement, infrastructures et collectivités Canada|vPériodiques. |
| 650 | 6|aAccessibilité aux personnes handicapées|zCanada|xPlanification|vPériodiques. |
| 650 | 6|aPersonnes handicapées|xPolitique gouvernementale|zCanada|vPériodiques. |
| 655 | 7|aPériodiques|2rvmgf |
| 775 | 08|t... progress report on Housing, Infrastructure and Communities Canada's accessibility plan.|w(CaOODSP)9.945816 |
| 780 | 00|tRapport d'étape de ... sur le plan d'accessibilité d'INFC.|w(CaOODSP)9.929497 |